Premier League Records - Statistics

General Stats
  • This quiz has been taken 441 times
  • The average score is 8 of 17
Answer Stats
Hint Answer % Correct
Top scorer Alan Shearer
94%
Top Assister Ryan Giggs
77%
Most Clean sheets Petr Cech
73%
Fastest Hattrick Sadio Mane
71%
Most freekick goals David Beckham
67%
Most Hattricks Sergio Aguero
63%
Most Appearances Gareth Barry
61%
Most consecutive games scored in Jamie Vardy
56%
Most goals in a calendar year Harry Kane
53%
Fastest Goal Shane Long
44%
Most Penalties saved David James
29%
Oldest Goalscorer Teddy Sheringham
29%
Most consecutive games assisted in Mesut Ozil
28%
Most own goals Richard Dunne
28%
Most consecutive games played in Brad Friedel
15%
Youngest Goalscorer James Vaughan
14%
Most penalties given away in a season David Luiz
7%
No matching quizzes found
Score Distribution
Percent of People with Each Score
Percentile by Number Answered
Your Score History
You have not taken this quiz